Top 30 : Kendrick Lamar - Statistiques

Statistiques générales
  • Ce quiz a été pris 180 fois
  • Le résultat moyen est 15 sur 30
Statistiques - réponses
Top Titres Featuring % Correct
2 All The Stars SZA
89%
1 HUMBLE.
83%
3 Money Trees Jay Rock
81%
5 Not Like Us
79%
7 luther SZA
78%
4 LOVE. Zacari
77%
6 DNA.
69%
16 Like That Future, Metro Boomin
69%
13 Alright
62%
9 family ties Baby Keem
61%
18 LOYALTY. Rihanna
60%
23 Poetic Justice Drake
59%
20 tv off Lefty Gunplay
59%
10 PRIDE.
58%
17 m.A.A.d city MC Eiht
48%
12 Swimming Pools (Drank)
46%
26 Swimming Pools (Drank) - Extended Version
46%
15 Bitch, Don’t Kill My Vibe
45%
8 Pray For Me The Weeknd
43%
21 King Kunta
36%
14 F**kin' Problems A$AP Rocky, Drake, 2 Chainz
33%
25 N95
31%
27 ELEMENT.
28%
19 Collard Greens ScHoolboy Q
21%
24 King's Dead Jay Rock, Future, James Blake
20%
28 A.D.H.D
18%
29 Backseat Freestyle
17%
30 Sidewalks The Weeknd
17%
11 Don't Wanna Know Maroon 5
13%
22 The Greatest Sia
13%
Aucun quiz correspondant
Distribution des résultats
% des personnes avec chaque résultat
Percentile par nombre de réponses
Votre historique - résultats
Vous n’avez pas pris ce quiz